000 00511 a2200169 4500
005 20250618122108.0
020 _a978-1-118-98901-2
082 _a005.55 McC
100 _aMcCORMICK, K.
245 _aSPSS Statistics for Dummies.
250 _a3rd Ed.
260 _aNew Jersey,
_bJohn Wiley & Sons,
_c2015.
300 _axii, 370.: ill.; figure, graph
_bGlossary & Index
_c24cm.
700 _aSALCEDO, J & POH, A.
856 _yAccess Online book
_fInternet
_dhttp://www.wiley.com/go/permissions
942 _2ddc
_cBKS
999 _c168
_d168